Public administration as a developing discipline. Pt 1. Perspectives on past and present (Record no. 29767)

MARC details
000 -LEADER
fixed length control field 00380nam a2200121Ia 4500
082 ## - DEWEY DECIMAL CLASSIFICATION NUMBER
Classification number 035
Item number GOL
100 ## - MAIN ENTRY--AUTHOR NAME
Personal name GOLEMBIEWSKI, Robert T
245 #0 - TITLE STATEMENT
Title Public administration as a developing discipline. Pt 1. Perspectives on past and present
260 ## - PUBLICATION, DISTRIBUTION, ETC. (IMPRINT)
Place of publication New York
Name of publisher Marcel Dekker
Year of publication 1977
650 ## - SUBJECT ADDED ENTRY--TOPICAL TERM
Topical Term Public administration
942 ## - ADDED ENTRY ELEMENTS (KOHA)
Koha item type Books
Holdings
Withdrawn status Lost status Damaged status Not for loan Home library Current library Date acquired Full call number Accession Number Koha item type
        RRII Library RRII Library 16/12/2021 035 GOL 10348 Books